| 000 | 00591nam a22002177a 4500 | ||
|---|---|---|---|
| 999 |
_c6802 _d6802 |
||
| 001 | 6802 | ||
| 003 | BD-JhCC | ||
| 005 | 20180130172525.0 | ||
| 008 | 180130s1976 bg ad||| |||| 00| 0 eng d | ||
| 035 | _a(BD-JhCC)6802 | ||
| 040 |
_aBD-JhCC _dBD-JhCC |
||
| 041 | _aeng | ||
| 082 |
_a338.1095492 _bAHM 1976 |
||
| 100 | _aAhmed, Noazesh | ||
| 245 |
_aDevelopment Agriculture of Bangladesh / _cNoazesh Ahmed |
||
| 260 |
_aDhaka : _bBangladesh Books International LTD., _c1976. |
||
| 300 |
_a184 p. : _bill.; _c22 cm. |
||
| 650 |
_aAgriculture _zBangladesh |
||
| 942 |
_2ddc _cBK |
||